[Event "FIDE World Cup 2017"]
[Site "Tbilisi"]
[Date "2017.09.11"]
[Round "3.3"]
[White "Lenderman, Aleksandr"]
[Black "Vachier-Lagrave, Maxime"]
[Result "0-1"]
[WhiteElo "2565"]
[BlackElo "2804"]
[Annotator "TA"]
[PlyCount "94"]
[EventDate "2017.??.??"]
[EventType "k.o."]
[EventCountry "GEO"]
[SourceTitle "playchess.com"]
[Source "ChessBase"]
[SourceQuality "1"]

{[%evp 21,94,0,8,-32,-29,-30,-12,-25,-10,-27,0,-7,0,-12,5,0,0,4,40,48,31,39,83,0,29,0,67,0,22,0,0,0,0,0,0,0,0,-5,0,-6,0,0,0,0,0,0,0,0,0,-276,-275,-288,-267,-475,-466,-461,-454,-512,-379,-393,-394,-376,-389,-387,-380,-378,-360,-329,-331,-406,-404,-663,-650,-29971,-29971]} 1. Nf3 c5 2. c4 Nc6 3. d4 cxd4 4. Nxd4 Nf6 5. Nc3 e6 6. a3 Be7 7. e4 O-O {A33: Symmetrical English: 2 Nf3 Nf6 3 d4 cxd4 4 Nxd4 e6 5 Nc3 Nc6} 8. Nf3 Qc7 9. Be2 b6 10. O-O Bb7 11. Bg5 Ne5 {LiveBook: 3 Games} 12. Nd2 Ng6 13. g3 $146 ({Find the theoretical novelty and annotate with similar games:} 13. Be3 Bc5 14. Bxc5 bxc5 15. Re1 {0-1 (49) Bu,X (2705)-Vachier Lagrave,M (2804) Doha 2016}) 13... Rad8 (13... h6 $5 {[%cal Rh6g5]} 14. Be3 d5 $15) 14. Rc1 h6 15. Be3 (15. Bxf6 $5 Bxf6 16. f4 $11) 15... Bc5 16. Bxc5 bxc5 17. f4 d5 {[%cal Rd5e4]} 18. cxd5 exd5 19. e5 d4 20. Na4 Nd5 $1 {[%cal Rd5e3] [#] aiming for ...Ne3.} (20... Qc6 $6 21. Bf3 $18) 21. Rxc5 Qe7 22. Qc1 (22. Rf2 $16) 22... Qd7 {Strongly threatening ...d3.} (22... Ngxf4 $5 23. gxf4 Nxf4 24. Rxf4 Qg5+ 25. Rg4 Qe3+ 26. Kf1 d3 $11) 23. b3 ({Of course not} 23. Bb5 Qh3 $17) (23. Ra5 $5 {[%cal Ra4c5]}) 23... Rc8 ({Black should try} 23... f6 $11) 24. Bf3 (24. Ne4 $1 $14) 24... Nc3 25. Rxc8 Rxc8 26. Nxc3 Rxc3 27. Qd1 Ne7 28. Bxb7 Qxb7 29. Qe2 Nf5 30. Qe4 Qxe4 31. Nxe4 Rxb3 $11 {[%mdl 4096] Endgame KRN-KRN} 32. Rc1 Rb2 33. Rc8+ Kh7 34. Rc7 Re2 35. Nc5 $2 {[%mdl 8192]} (35. Nf2 $1 $11 {and White stays safe.}) 35... Rc2 $19 36. Rxf7 {[#]} Kg6 $1 {[%cal Rg6f7]} 37. e6 $2 (37. Rd7 {might work better.} Rxc5 38. g4) 37... Rxc5 {KRN-KR} 38. g4 Ne3 39. f5+ Kh7 40. e7 Re5 41. f6 Kg6 42. Rf8 {fxg7 is the strong threat.} d3 43. fxg7 Kxg7 {( -> ...d2)} 44. Rd8 Rxe7 45. Rxd3 Nxg4 46. Rg3 (46. Rd4 $142 h5 47. h3) 46... h5 47. h3 Re3 {Precision: White = 51%, Black = 64%.} 0-1

[Event "FIDE World Cup 2017"]
[Site "Tbilisi"]
[Date "2017.09.11"]
[Round "3.4"]
[White "Vachier-Lagrave, Maxime"]
[Black "Lenderman, Aleksandr"]
[Result "1/2-1/2"]
[WhiteElo "2804"]
[BlackElo "2565"]
[Annotator "TA"]
[PlyCount "121"]
[EventDate "2017.??.??"]
[EventType "k.o."]
[EventCountry "GEO"]
[SourceTitle "playchess.com"]
[Source "ChessBase"]
[SourceQuality "1"]

{[%evp 22,121,44,23,177,174,172,166,172,166,193,187,176,176,204,46,116,114,106,0,9,27,24,13,143,-8,-8,-8,-8,-8,-8,-8,-8,-9,-9,-11,0,0,0,-11,62,0,62,62,237,0,0,0,0,0,0,0,0,0,0,0,0,0,0,0,0,0,0,0,0,0,0,0,0,0,0,0,0,0,0,0,0,0,0,0,0,0,0,0,0,0,0,0,0,0,0,0,0,0,0,0,0,0,0,0,0,0]} 1. e4 c5 2. Nf3 e6 3. d4 cxd4 4. Nxd4 a6 5. Nc3 Qc7 6. Be2 Nf6 7. O-O Bb4 8. Bg5 Bxc3 {B43: Sicilian: Kan Variation: 5 Nc3} (8... Nc6 9. Nxc6 bxc6 10. Qd4 Bd6 11. f4 e5 12. Qd2 exf4 13. Bxf4 Bxf4 14. Rxf4 d6 15. Rd1 Ke7 16. Rf3 {0-1 (82) Pogonina,N (2445)-Hou,Y (2671) Monaco 2015}) 9. Bxf6 gxf6 10. bxc3 Qxc3 11. Rb1 Nc6 12. Nxc6 {LiveBook: 6 Games} dxc6 $2 (12... bxc6 $11 13. Qc1 Ke7) 13. Rb3 $18 Qc5 14. Qd2 $1 {[%mdl 1024] White has strong compensation.} e5 $146 ({Predecessor:} 14... Ke7 15. Rd1 Rg8 16. Rg3 Rh8 17. Rg7 Rb8 18. Bh5 e5 19. Rxf7+ Ke6 20. Rd7 {1-0 (20) Szieberth,A (2310)-Kozlov,O (2405) Harkany 1994}) 15. Rd1 {[%csl Gd1][%cal Rd2d8]} Qe7 16. Rd3 {Intending Rd8+ and mate.} Be6 17. Qh6 Rg8 18. Rd6 $2 ({But not} 18. Qxh7 $6 Qf8 $14) (18. Bh5 $18) 18... Qf8 (18... Bd5 $1 $14) 19. Qxf6 $16 {White wants to mate with Rd8+.} Qe7 {[#]} 20. Qxe5 (20. Qf3 $1 $16) 20... Rxg2+ 21. Kh1 $1 (21. Kxg2 $2 Bh3+ 22. Kxh3 Qxe5 $19) 21... Rg8 22. Bh5 Kf8 (22... Bxa2 $11 {remains equal.} 23. Qxe7+ Kxe7 24. Rd7+ Kf6) 23. f4 $2 ({Only move:} 23. Rg1 $16 {And now Rxe6! would win.} Rxg1+ 24. Kxg1) 23... Bh3 $11 24. Qxe7+ Kxe7 25. Bf3 Rad8 26. Rxd8 Rxd8 27. Rxd8 Kxd8 {[%mdl 4096] Endgame KB-KB} 28. Kg1 Kc7 29. Kf2 Kd6 30. Ke3 Kc5 ({Better is} 30... f6 $11) 31. Be2 (31. e5 $14) 31... b5 (31... f6 $11) 32. f5 $14 f6 $2 {[#]} ({Black should try} 32... Bg2 $14) 33. c3 $2 (33. Kf3 $1 $18) 33... Bg2 $11 {The position is equal.} 34. Kf4 {e5 is the strong threat.} Kd6 35. h4 c5 36. Bd3 c4 37. Be2 a5 38. a3 h6 39. Bh5 Bf1 40. Be8 b4 $1 {[%cal Rb4a3]} 41. axb4 axb4 42. cxb4 c3 {( -> ...c2)} 43. Ba4 Bd3 44. Ke3 Bb1 45. b5 Kc5 46. e5 fxe5 47. f6 Bg6 48. Bc2 (48. h5 $5 Bxh5 49. Kd3 $11) 48... Bf7 ({Not} 48... Bxc2 $2 49. f7 $18) 49. Bd3 Kd6 50. Be4 {Threatens to win with Kd3.} Kc5 51. Bd3 {With the idea Ke4.} Kb6 52. Ke4 Bg6+ 53. Kxe5 Bxd3 {KB-K3P} 54. f7 c2 55. f8=Q {Strongly threatening Qd6+.} c1=Q {White must now prevent ...Qc3+.} 56. Qd6+ Kxb5 {aiming for ...Qe1+.} 57. Qxd3+ Qc4 58. Qxc4+ Kxc4 59. Kf6 {Kg6 would kill now.} Kd5 60. Kg6 Ke6 61. Kxh6 {Precision: White = 58%, Black = 54%.} 1/2-1/2

[Event "FIDE World Cup 2017"]
[Site "Tbilisi"]
[Date "2017.09.11"]
[Round "3.4"]
[White "Caruana, Fabiano"]
[Black "Najer, Evgeniy"]
[Result "0-1"]
[WhiteElo "2799"]
[BlackElo "2694"]
[Annotator "TA"]
[PlyCount "82"]
[EventDate "2017.??.??"]
[EventType "k.o."]
[EventCountry "GEO"]
[SourceTitle "playchess.com"]
[Source "ChessBase"]
[SourceQuality "1"]

{[%evp 14,81,10,10,15,0,0,0,0,-2,-2,-3,0,-7,-6,-33,9,13,10,-50,0,-65,-50,-71,-57,-90,-89,-101,-110,-105,-90,-75,-60,-74,-22,-56,-39,-48,-61,-351,-140,-137,-44,-277,-264,-316,-266,-467,-436,-480,-481,-456,-471,-445,-339,-510,-452,-637,-432,-406,-407,-461,-431,-465,-480,-570,-481,-1109,-1056,-29999]} 1. e4 e5 2. Nf3 Nc6 3. Bb5 a6 4. Ba4 Nf6 5. d3 b5 6. Bb3 Bc5 7. c3 d6 8. Nbd2 {LiveBook: 9 Games. C77: Ruy Lopez: 3...a6 4 Ba4 Nf6, unusual lines} (8. Bg5 h6 9. Bh4 Bb6 10. Nbd2 O-O 11. O-O Be6 12. Re1 Kh7 13. Bc2 Ne7 14. d4 Ng6 15. Bg3 Re8 {0-1 (33) Grischuk,A (2761)-Mamedyarov,S (2800) Paris 2017}) 8... Bb6 9. Nf1 Ng4 $146 ({Predecessor:} 9... h6 10. Ng3 O-O 11. O-O Ne7 12. a4 Rb8 13. a5 Ba7 14. Nh4 Bg4 15. Qe1 Be6 {0-1 (37) Suarez Pousa,D (2395)-Godena,M (2533) Pula 2004}) 10. d4 {The position is equal.} exd4 11. h3 Nge5 {Hoping for ...dxc3.} 12. Nxd4 O-O 13. Ng3 Nxd4 14. cxd4 Ba5+ 15. Kf1 Nc4 16. Kg1 (16. Bc2 $11) 16... c5 17. d5 (17. Bxc4 $11 bxc4 18. Be3) 17... f5 $15 18. exf5 Bxf5 19. Nxf5 Rxf5 20. Bc2 Rf7 21. Qe2 Qf8 22. Be4 Re8 23. f3 Qe7 (23... Bd8 $17) 24. Rb1 Qe5 25. b3 Nb6 $36 {[%cal Bc4b6,Bb6d7,Bd7f6][%mdl 2080] [#] And now ...Bc3 would win. Black is pushing.} 26. Qd3 $2 {[%mdl 8192]} (26. Bb2 $15 Qf4 27. Rd1) 26... Bc3 $2 (26... c4 $19 {is more deadly.} 27. bxc4 Nxc4) 27. Be3 $17 c4 (27... g6 $17 {Strongly threatening ...Nd7.} 28. h4 c4) 28. Qd1 $2 ({White has to play} 28. bxc4 $15 bxc4 29. Qc2 Nxd5 30. Bxd5 Qxe3+ 31. Qf2) 28... Nd7 $19 29. bxc4 Nf6 ({Weaker is} 29... bxc4 30. Qe2 $17) 30. h4 $2 {[#]} (30. Qd3 Nxe4 31. fxe4) 30... Nxe4 31. fxe4 Qxe4 32. Rh3 bxc4 33. Rc1 Be5 34. Qa4 (34. Qc2 {only move.} Qxc2 35. Rxc2) 34... Rc8 35. Qxa6 (35. Kh1 $142) 35... Rff8 36. Qa4 Qxd5 37. Qc2 c3 38. Rd1 Qc4 39. h5 Ra8 40. Ra1 (40. Qb3 $142 Rfc8 41. h6) 40... Rab8 41. Bc1 Qf1# {Precision: White = 31%, Black = 54%.} (41... Rf1# $142) 0-1

[Event "FIDE World Cup 2017"]
[Site "Tbilisi"]
[Date "2017.09.11"]
[Round "3.4"]
[White "Ding, Liren"]
[Black "Vidit, Santosh Gujrathi"]
[Result "1-0"]
[WhiteElo "2771"]
[BlackElo "2702"]
[Annotator "TA"]
[PlyCount "75"]
[EventDate "2017.??.??"]
[EventType "k.o."]
[EventCountry "GEO"]
[SourceTitle "playchess.com"]
[Source "ChessBase"]
[SourceQuality "1"]

{[%evp 18,75,17,4,21,20,27,28,20,25,27,17,27,21,29,18,21,13,45,52,200,200,174,194,200,199,219,248,295,294,294,288,293,291,293,293,291,280,305,293,362,341,340,347,334,337,358,348,428,408,29990,29991,29994,29995,29995,29994,29995,29996,29996,135]} 1. d4 Nf6 2. c4 e6 3. g3 Bb4+ 4. Bd2 Be7 5. Bg2 d5 6. Nf3 O-O 7. O-O Nbd7 8. Bc3 {E11: Bogo-Indian} (8. Bf4 c6 9. Nc3 b6 10. cxd5 exd5 11. Rc1 Bb7 12. Qc2 Re8 13. Rfd1 Nf8 14. e4 dxe4 15. Ne5 Nd5 16. Nxe4 Ne6 17. Be3 Rc8 18. Qb3 Bf8 19. Nc3 Nxe3 20. fxe3 Rc7 21. Kh1 {1-0 (54) Dominguez Perez,L (2739)-Caruana,F (2807) Saint Louis 2017}) 8... c6 9. b3 Ne4 10. Bb2 {LiveBook: 5 Games. The position is equal.} b6 11. Nfd2 Ndf6 $146 ({Predecessor:} 11... Nxd2 12. Qxd2 a5 13. Ba3 Ba6 14. Re1 Nf6 15. Bxe7 Qxe7 16. Nc3 dxc4 17. Bxc6 {0-1 (43) Tjurins,I (2193)-Kachar,V (2342) Moscow 2008}) 12. Qc2 {[%cal Rd2e4]} Nxd2 13. Nxd2 Bb7 14. e4 dxe4 15. Nxe4 Qc7 16. c5 Rfd8 17. Rfe1 Rd7 18. Ng5 {[%cal Be4g5,Bg5f3,Bf3e5][%mdl 32] Hoping for d5!} bxc5 {[#]} (18... g6 $14) 19. d5 $1 $18 {[%mdl 512]} cxd5 {White must now prevent ...d4.} 20. Bxf6 $1 g6 ({Don't blunder} 20... Bxf6 $2 21. Qxh7+ Kf8 {[#]} 22. Rxe6 $1 $18 {[%mdl 512]}) 21. Qb2 h6 22. Nf3 d4 23. Bxe7 Rxe7 24. Ne5 Bxg2 25. Kxg2 Rd8 26. Rac1 Rd5 27. Qe2 Kg7 28. Rc4 f6 {[%cal Rd5e5]} 29. Nd3 e5 30. Qf3 Qd8 31. Rxc5 ({But not} 31. Nxc5 f5 $18) 31... Rxc5 32. Nxc5 Qa5 33. Rc1 Qxa2 (33... Qd8 $18 34. Qc6 Qe8) 34. Ne6+ {White mates.} Rxe6 35. Qb7+ Kf8 36. Rc8+ Re8 37. Rc7 Qa3 38. Rf7+ {Precision: White = 86%, Black = 53%.} 1-0

[Event "FIDE World Cup 2017"]
[Site "Tbilisi"]
[Date "2017.09.11"]
[Round "3.4"]
[White "Li, Chao b"]
[Black "Rapport, Richard"]
[Result "1/2-1/2"]
[WhiteElo "2745"]
[BlackElo "2675"]
[Annotator "TA"]
[PlyCount "72"]
[EventDate "2017.??.??"]
[EventType "k.o."]
[EventCountry "GEO"]
[SourceTitle "playchess.com"]
[Source "ChessBase"]
[SourceQuality "1"]

{[%evp 14,72,-4,1,-3,-30,14,0,27,10,27,-27,-35,-30,0,-164,-154,-170,-159,-170,0,0,0,-24,-26,-28,0,0,0,0,0,0,0,0,0,0,0,0,0,0,0,0,0,0,0,0,0,-470,-480,-634,-631,-602,-602,-666,-650,-660,-647,-883,-798,-1005,-996]} 1. d4 Nf6 2. c4 e6 3. Nf3 b6 4. a3 Bb7 5. Nc3 Ne4 6. Qc2 Nxc3 {E12: Queen's Indian: Unusual White 4th moves, 4 a3, 4 Nc3 Bb7 5 a3 and 4 Nc3 Bb7} 7. Qxc3 Be7 8. e3 {LiveBook: 3 Games} (8. g3 O-O 9. Bg2 d6 10. O-O Nd7 11. b3 Nf6 12. Bb2 a5 13. d5 exd5 14. Nh4 d4 15. Qxd4 Bxg2 16. Nxg2 Ne8 17. Qd2 Bf6 18. Nf4 Bxb2 19. Qxb2 {1-0 (33) Svidler,P (2727)-Zvjaginsev,V (2660) Berlin 2015}) 8... O-O {The position is equal.} 9. Bd3 c5 10. d5 d6 $146 ({Find the theoretical novelty and annotate with similar games:} 10... exd5 11. cxd5 Ba6 12. Bxa6 Nxa6 13. d6 Bf6 14. Qc4 {½-½ (37) Thorfinnsson,B (2415)-Dizdarevic,E (2475) Khanty-Mansiysk 2010}) 11. e4 Nd7 {[%cal Bb8d7,Bd7e5,Be5d3][%mdl 32]} 12. h4 (12. O-O $142) 12... Bf6 $11 13. Qc2 Ne5 14. Ng5 $2 {[#]} (14. Nxe5 $11 {and White is okay.} Bxe5 15. Bg5) 14... h6 $19 15. f4 Nxd3+ ({Don't take} 15... hxg5 16. hxg5 Bxg5 17. fxg5 $11) 16. Qxd3 e5 $2 ({Black should play} 16... exd5 $19 17. e5 Bxg5 18. hxg5 dxc4) 17. f5 $1 $11 b5 18. Nf3 bxc4 19. Qc2 Qb6 20. g4 $1 {[%cal Bg2g4,Bg4g5][%mdl 32]} Qb3 21. Qxb3 cxb3 22. g5 Bd8 $1 23. gxh6 g6 {And now ...gxf5 would win.} 24. Rg1 {h5 is the strong threat.} Kh8 $36 {[%mdl 2048] White is under pressure.} 25. Bg5 gxf5 26. Bxd8 $1 Raxd8 27. Rg7 $1 fxe4 28. Ng5 {Hoping for Rd1.} Bxd5 29. O-O-O f6 $1 {[%cal Rf6g5,Bf7f6,Bf6f5,Bf5f4][%mdl 32]} 30. Nh7 $2 {[%mdl 8192] [#]} (30. Rh7+ $11 Kg8 31. Rg7+ Kh8 32. Rh7+ Kg8 33. Rg7+ Kh8) 30... Rf7 $19 {Black is clearly winning.} 31. Rdg1 f5 32. Ng5 Rfd7 33. Rg6 e3 34. Rf6 f4 35. h7 c4 36. Rd1 Kg7 {[%mdl 32768] Precision: White = 61%, Black = 60%. . An unexpected result.} 1/2-1/2

[Event "FIDE World Cup 2017"]
[Site "Tbilisi"]
[Date "2017.09.11"]
[Round "3.4"]
[White "Matlakov, Maxim"]
[Black "Aronian, Levon"]
[Result "1/2-1/2"]
[WhiteElo "2728"]
[BlackElo "2802"]
[Annotator "TA"]
[PlyCount "77"]
[EventDate "2017.??.??"]
[EventType "k.o."]
[EventCountry "GEO"]
[SourceTitle "playchess.com"]
[Source "ChessBase"]
[SourceQuality "1"]

{[%evp 16,77,33,24,38,39,49,37,43,44,44,41,46,45,29,0,21,0,10,3,31,0,9,4,11,15,9,-29,-20,-24,-19,-21,-15,-83,-95,-104,-109,-168,-180,-179,-177,-181,-152,-154,-114,-422,-409,-398,-383,-301,-186,-201,-177,-245,0,-111,0,0,0,0,0,0,0,0]} 1. d4 d5 2. c4 c6 3. Nf3 Nf6 4. Nc3 a6 5. e3 b5 6. b3 {[%cal Bb2b3,Bb3c4,Bc4c5][%mdl 32]} Bg4 7. a4 {D15: Slav Defence: 4 Nc3 a6 and gambit lines after 4 Nc3 dxc4} bxc4 8. bxc4 e6 (8... Nbd7 9. a5 e5 10. Be2 Bxf3 11. Bxf3 Bb4 12. Bd2 O-O 13. O-O dxc4 14. Qe2 exd4 15. exd4 Bxa5 16. Qxc4 {1-0 (44) Ding,L (2759)-Svidler,P (2741) Shenzhen 2017}) 9. c5 {LiveBook: 3 Games. White is slightly better.} a5 10. h3 $146 ({Find the theoretical novelty and annotate with similar games:} 10. Be2 Nbd7 11. O-O Be7 12. Bd2 O-O 13. h3 Bxf3 14. Bxf3 e5 {1-0 (50) Goganov,A (2586)-Ovchinnikov,V (2380) St Petersburg 2017}) 10... Bh5 11. g4 Bg6 12. Ne5 Nfd7 {Hoping for ...Nxe5.} 13. Nxg6 hxg6 14. Rb1 Be7 15. Qf3 Bf6 16. Bd2 g5 17. Bd3 Qc8 18. Kf1 Na6 $1 19. Bxa6 Qxa6+ 20. Kg2 Qc8 21. Rb3 Nf8 22. Rhb1 Ng6 23. Kf1 O-O 24. Ne2 (24. Rb7 $11 {remains equal.}) 24... Qa6 $17 25. Rb6 Qd3 26. Ke1 (26. Be1 $17 {might work better.}) 26... Nh4 $19 27. Qg3 {[#]} e5 $1 {[%cal Re5d4,Be6e5,Be5e4][%mdl 544]} 28. Bc3 (28. dxe5 Bxe5) 28... Bd8 29. Rd1 Qc4 30. Rxc6 $2 {[%mdl 8192]} (30. Rb7 $17 {was the crucial defense.}) 30... Qxa4 31. Rd6 e4 {Threatens to win with ...Nf3+.} 32. Ra1 Qc4 33. Rd7 Ra6 $1 34. Qb8 {[#]} (34. Kf1 {was worth a try.} Rf6 35. Be1) 34... Bf6 $2 (34... Rf6 $1 $19 {aiming for ...Ng2+.} 35. Kf1 (35. Rxd8 $2 Ng2+ 36. Kf1 Nxe3+ 37. Kg1 Rxd8 $17) 35... Rf3) 35. Qb7 {[#]} (35. Qb2 $11 {keeps the balance.}) 35... Nf3+ (35... Ng2+ $1 $17 36. Kf1 Nf4 37. exf4 gxf4 38. Qxd5 Qd3) 36. Kf1 $11 {The position is equal.} Nh2+ 37. Ke1 Nf3+ 38. Kf1 Nh2+ 39. Ke1 {Precision: White = 47%, Black = 75%.} 1/2-1/2

[Event "FIDE World Cup 2017"]
[Site "Tbilisi"]
[Date "2017.09.11"]
[Round "3.4"]
[White "Navara, David"]
[Black "Grischuk, Alexander"]
[Result "1/2-1/2"]
[WhiteElo "2720"]
[BlackElo "2788"]
[Annotator "TA"]
[PlyCount "80"]
[EventDate "2017.??.??"]
[EventType "k.o."]
[EventCountry "GEO"]
[SourceTitle "playchess.com"]
[Source "ChessBase"]
[SourceQuality "1"]

{[%evp 23,80,0,56,12,42,30,42,23,27,27,15,30,32,0,0,0,60,53,128,131,120,124,127,58,26,25,27,-72,-70,-66,0,-191,-167,-233,-14,-14,-14,-14,-14,-14,-14,-14,-14,-14,-18,-20,-19,-19,-32,-54,0,0,0,0,0,0,0,0,0]} 1. e4 c5 2. Nf3 e6 3. d4 cxd4 4. Nxd4 Nf6 5. Nc3 Nc6 6. Ndb5 d6 7. Bf4 e5 8. Bg5 a6 9. Na3 b5 10. Nd5 Be7 11. Bxf6 Bxf6 12. c4 bxc4 {LiveBook: 10 Games} (12... b4 $1 $11 13. Nc2 O-O) 13. Bxc4 {B33: Sicilian: Pelikan and Sveshnikov Variations} (13. Nxc4 O-O 14. Bd3 Be6 15. O-O Bxd5 16. exd5 Nd4 17. b4 Rc8 18. Na5 Qb6 19. Rb1 g6 20. Qd2 Rc7 {1-0 (39) Morozevich,A (2683)-Paravyan,D (2528) Sochi 2016}) 13... Bg5 14. h4 $146 ({Predecessor:} 14. O-O O-O 15. Nc2 Kh8 16. Qe2 g6 17. Ndb4 Nxb4 18. Nxb4 Bb7 19. Bd5 Qb6 20. Bxb7 Qxb7 {½-½ (43) Lintchevski,D (2450)-Korennoi,V (2184) Minsk 2008}) 14... Bh6 15. g4 {White is slightly better.} g6 16. g5 Bg7 $1 17. h5 {Hoping for h6.} O-O $1 18. hxg6 (18. h6 $5 {[%cal Rh6g7]} Bh8 19. Rg1 $11) 18... hxg6 19. Qd2 Bg4 ({Black should try} 19... Nd4 $11 20. Qe3 Bg4) 20. Nc2 $1 $14 Rc8 (20... Rb8 $14) 21. Bxa6 $16 Rb8 22. b3 Re8 23. Bc4 ({Better is} 23. Be2 $16 Be6 24. Bc4) 23... Bf3 $1 $14 {[%csl LRe4,LRh1]} 24. Rh4 Nd4 {With the idea ...Bxe4!} 25. Nxd4 (25. Kf1 $11 Ne6 26. Ncb4) 25... exd4 $17 26. Kf1 {And now Nf6+! would win.} Bxe4 ({Black should play} 26... Re5 $1 $15 27. Re1 Rxg5) 27. Nf6+ $2 (27. Re1 $11 {and White is okay.} Bxd5 28. Rxe8+ Qxe8 29. Bxd5) 27... Bxf6 $19 28. Qf4 {[#]} (28. gxf6 {might work better.} Qxf6 29. Qf4 Qxf4 30. Rxf4) 28... Bf5 $2 (28... d5 29. gxf6 Bd3+ 30. Bxd3 Re1+ 31. Rxe1 Qf8 32. Qh2 Qg7 33. Qxb8+ Qf8 34. Qxf8+ Kxf8 35. Rh8#) (28... Bd3+ $1 $19 {[%mdl 512]} 29. Kg2 (29. Bxd3 Bxg5) 29... Re4 30. Qxf6 Rxh4 31. Qxd8+ Rxd8 32. Bxd3 Rg4+ 33. Kf3 Rxg5) 29. gxf6 $11 Qxf6 30. Qh6 d5 31. Bxd5 d3 32. Qh7+ Kf8 33. Qh8+ Qxh8 34. Rxh8+ Kg7 35. Rxe8 Rxe8 {KRB-KRB} 36. Rd1 Re2 (36... Kf6 $15) 37. a4 {The position is equal.} Ra2 38. Ke1 Re2+ 39. Kf1 Ra2 40. Ke1 Re2+ {Precision: White = 62%, Black = 55%.} 1/2-1/2

[Event "FIDE World Cup 2017"]
[Site "Tbilisi"]
[Date "2017.09.11"]
[Round "3.4"]
[White "Jobava, Baadur"]
[Black "Nepomniachtchi, Ian"]
[Result "1-0"]
[WhiteElo "2702"]
[BlackElo "2741"]
[Annotator "TA"]
[PlyCount "65"]
[EventDate "2017.??.??"]
[EventType "k.o."]
[EventCountry "GEO"]
[SourceTitle "playchess.com"]
[Source "ChessBase"]
[SourceQuality "1"]

{[%evp 21,65,12,28,14,27,13,41,47,43,38,52,56,49,19,35,30,43,8,58,50,77,58,70,39,144,135,114,69,65,31,60,0,29,12,31,23,38,11,45,33,45,18,30,30,918,895]} 1. e4 c5 2. Nf3 d6 3. c3 Nf6 4. Bd3 g6 5. Bc2 Bg7 6. d4 cxd4 7. cxd4 O-O 8. O-O Bg4 {B50: Sicilian: 2...d6, Miscellaneous} 9. Nbd2 Nc6 10. h3 Bd7 11. Re1 Rc8 {LiveBook: 3 Games} 12. a3 b5 $146 ({Predecessor:} 12... Qb6 13. Nb3 Na5 14. Nxa5 Qxa5 15. Bg5 h6 16. Bd2 {½-½ (34) Ghaem Maghami,E (2623)-Ibrahimov,R (2501) Teheran 2005}) 13. Bd3 Qb6 14. Nb3 Na5 15. Nxa5 Qxa5 16. Bd2 Qb6 17. Bg5 Rfe8 18. Qd2 a5 19. Bh6 b4 20. axb4 {[#] Hoping for Bxg7.} axb4 21. e5 {Bxg7 is the strong threat.} Nd5 $1 22. Be4 e6 ({Black should try} 22... Bc6 $14) 23. Bxg7 $16 Kxg7 24. Nh2 ({Don't do} 24. Bxd5 exd5 25. exd6 Rxe1+ 26. Nxe1 (26. Rxe1 Qxd6 27. Ne5 Bf5 $11) 26... Qxd6 $14) 24... Ne7 25. Ng4 {White threatens Qh6+ and mate.} (25. Qg5 $5 {[%cal Rg5f6]} d5 26. Qf6+ Kf8 27. Bb1 $16) 25... Ng8 26. Re3 (26. Qf4 $14) 26... dxe5 27. dxe5 Bc6 28. Bxc6 Rxc6 29. Rf3 Rd8 (29... h5 $5 {[%cal Rh5g4]} 30. Qf4 (30. Qd7 $2 Re7 $19) 30... Qc7 $14) 30. Qf4 $36 {[%mdl 2048] White fights for an advantage.} Qc7 31. Nf6 {next Rd3 is good for White.} Rc4 32. Qe3 {aiming for Ra7.} Rcd4 $2 {[%mdl 8192] [#]} (32... Nxf6 $11 33. exf6+ Kh8) 33. Qxd4 $1 {[%mdl 512] Precision: White = 45%, Black = 30%.} 1-0

[Event "FIDE World Cup 2017"]
[Site "Tbilisi"]
[Date "2017.09.11"]
[Round "3.4"]
[White "Sethuraman, S P"]
[Black "Giri, Anish"]
[Result "1-0"]
[WhiteElo "2617"]
[BlackElo "2777"]
[Annotator "TA"]
[PlyCount "67"]
[EventDate "2017.??.??"]
[EventType "k.o."]
[EventCountry "GEO"]
[SourceTitle "playchess.com"]
[Source "ChessBase"]
[SourceQuality "1"]

{[%evp 20,67,45,40,51,47,63,52,53,56,56,32,69,50,68,79,100,106,132,138,157,141,112,78,117,107,114,102,198,147,141,96,204,191,186,42,50,15,34,18,413,353,646,675,2441,2412,29988,29989,29989,29988]} 1. e4 c5 2. Nf3 d6 3. d4 cxd4 4. Nxd4 Nf6 {[%cal Bg8f6,Bf6d7,Bd7e5,Be5c4][%mdl 32]} 5. Nc3 a6 6. h3 e6 7. g4 Nfd7 {B81: Sicilian Scheveningen: Keres Attack} 8. Bg2 Be7 9. Be3 Nc6 10. h4 Nde5 11. g5 {LiveBook: 4 Games} Bd7 12. Nxc6 Bxc6 13. Qd4 $146 ({Find the theoretical novelty and annotate with similar games:} 13. b3 f5 14. f4 Ng4 15. Qe2 Nxe3 16. Qxe3 fxe4 {1-0 (57) Anand,V (2770)-Topalov,V (2785) Khanty-Mansiysk 2014}) 13... O-O 14. O-O-O b5 15. f4 Nc4 16. Kb1 e5 17. Qd3 exf4 18. Bxf4 Re8 19. Qg3 Qa5 20. Bc1 b4 21. Ne2 Rab8 22. Nd4 Bd7 23. h5 Qe5 (23... Rbc8 $16 {was worth a try.}) 24. Bf4 $18 Qc5 25. Rhf1 Rec8 (25... Rbc8 $16) 26. Rf2 a5 {[%cal Ba6a5,Ba5a4][%mdl 32] [#]} 27. Bc1 (27. Nf5 $1 $18 {[%mdl 512]} Bxf5 28. exf5 Qxf5 29. Bh3) 27... a4 $1 $14 28. g6 fxg6 $1 29. hxg6 {Strongly threatening Bh3.} h5 $2 {[%mdl 8192] [#]} (29... Qh5 $1 $11 30. gxh7+ Kh8) 30. Bh3 $1 $18 {[%cal Rh3d7]} Bxh3 $2 (30... Na3+ 31. Ka1 Bf6 32. Rxf6 (32. Bxd7 Bxd4 33. Bxc8 Rxc8 $16) 32... Qxd4 33. Rxd4 Nxc2+ 34. Kb1 Na3+ 35. Qxa3 (35. bxa3 bxa3+ 36. Qb3+ axb3 $16) 35... bxa3) 31. Qxh3 Qe5 32. Rf5 ({Not} 32. Qf3 Na3+ 33. bxa3 Rf8 $16) 32... Qxe4 33. Rxh5 {[%csl Gh3][%cal Rh5h8]} Na3+ 34. Ka1 {Precision: White = 79%, Black = 28%.} 1-0